Ex libris : confesiones de una lectora /
Compilación de textos en que la autora aborda su propia relación con la lectura, los libros y su biblioteca familiar. Trata temas como la costumbre de corregir errores tipográficos, el acomodo de los libros, el placer de compartir experiencias lectoras, el gusto por la poesía, entre otros.
Збережено в:
| Автор: | |
|---|---|
| Формат: | Книга |
| Мова: | Іспанська |
| Опубліковано: |
Madrid, España :
Alfabeto,
2019, c2019
|
| Предмети: | |
| Теги: |
Немає тегів, Будьте першим, хто поставить тег для цього запису!
|
MARC
| LEADER | 00000nam^a2200000^a^4500 | ||
|---|---|---|---|
| 001 | 000414999 | ||
| 005 | 20250521000000.0 | ||
| 009 | 20260310122246.382 | ||
| 020 | |a 978-84-949942-2-7 | ||
| 037 | |a Acervo ITESO - Biblioteca | ||
| 041 | |a ESP | ||
| 082 | |a 302. 232 |b FAD | ||
| 100 | |a Fadiman, Anne |e (autor) | ||
| 245 | 1 | 0 | |a Ex libris : |b confesiones de una lectora / |c A. Fadiman ; tr. por Isabel Ferrer Marrades. |
| 264 | 4 | |a Madrid, España : |b Alfabeto, |c 2019, c2019 | |
| 300 | |a 180 p. + |e 1 separador | ||
| 336 | |a texto |b txt |2 rdacontenido | ||
| 337 | |a sin mediación |b n |2 rdamedio | ||
| 338 | |a volumen |b nc |2 rdasoporte | ||
| 500 | |a Traducción de: Ex libris: Confessions of a Common Reader | ||
| 520 | |a Compilación de textos en que la autora aborda su propia relación con la lectura, los libros y su biblioteca familiar. Trata temas como la costumbre de corregir errores tipográficos, el acomodo de los libros, el placer de compartir experiencias lectoras, el gusto por la poesía, entre otros. | ||
| 649 | |a XX | ||
| 650 | |a Lectores - |x Condiciones Sociales y Culturales - |x Tema Principal | ||
| 650 | |a Lectura - |x Aspectos Sociales y Culturales | ||
| 650 | |a Lectura - |x Tema Principal | ||
| 650 | |a Prácticas Culturales | ||
| 650 | |a Libros | ||
| 650 | |a Bibliofilia | ||
| 650 | |a Bibliotecas Privadas | ||
| 650 | |a Literatura - |x Historia y Crítica | ||
| 650 | |a Bibliología | ||
| 910 | |a Fondo General | ||
| 920 | |a Impresos - Libros | ||
| 930 | |a Colección General | ||
| 905 | |a 101 | ||
| 901 | |a 0500324353 |b IT1 |c ACC |i C167364 |u 20250521 | ||
| 901 | |a 0500324350 |b IT2 |c FOL |u 20250521 | ||
| 902 | |a https://opac.biblio.iteso.mx/vufind/Record/000414999 | ||